书目信息 |
| 题名: |
畜禽结核病及其防制
|
|
| 作者: | 关冬梅 主编 ;刘派 编著 | |
| 分册: | ||
| 出版信息: | 北京 金盾出版社 2007 |
|
| 页数: | 169页 | |
| 开本: | 19cm | |
| 丛书名: | 畜禽流行病防治丛书 | |
| 单 册: | ||
| 中图分类: | S855.2 , S855 | |
| 科图分类: | ||
| 主题词: | 畜禽--结核病--防治 | |
| 电子资源: | ||
| ISBN: | 978-7-5082-4547-8 | |
| 000 | 00895nam2 2200265 450 | |
| 001 | 2369094587 | |
| 005 | 20231224191209.69 | |
| 010 | @a978-7-5082-4547-8@dCNY 10.00 | |
| 100 | @a20110101d2007 em y0chiy0110 ea | |
| 101 | 0 | @achi |
| 102 | @aCN@b110000 | |
| 105 | @aa z 000yy | |
| 200 | 1 | @a畜禽结核病及其防制@Axu qin jie he bing ji qi fang zhi@f关冬梅主编@g刘派等编著 |
| 210 | @a北京@c金盾出版社@d2007 | |
| 215 | @a169页@c彩图@d19cm | |
| 225 | 2 | @a畜禽流行病防治丛书 |
| 330 | @a本书内容包括:结核病的流行概况及其危害性、结核杆菌的基本特性、结核病的流行病学、结核病的临床症状与病理变化、结核病的诊断技术、结核病的预防与控制。 | |
| 410 | 0 | @12001 @a畜禽流行病防治丛书 |
| 606 | 0 | @a畜禽@x结核病@x防治 |
| 690 | @aS855.2@v5 | |
| 690 | @aS855@v4 | |
| 701 | 0 | @a关冬梅@Aguan dong mei@4主编 |
| 702 | 0 | @a刘派@Aliu pai@4编著 |
| 801 | 2 | @aCN@b辽宁北配@c20231205 |
| 905 | @aBZT@dS855@e19 | |
| 畜禽结核病及其防制/关冬梅主编/刘派等编著.-北京:金盾出版社,2007 |
| 169页:彩图;19cm.-(畜禽流行病防治丛书) |
| ISBN 978-7-5082-4547-8:CNY 10.00 |
| 本书内容包括:结核病的流行概况及其危害性、结核杆菌的基本特性、结核病的流行病学、结核病的临床症状与病理变化、结核病的诊断技术、结核病的预防与控制。 |
| ● |
| 相关链接 |
|
|
|
正题名:畜禽结核病及其防制
索取号:S855/19
 
预约/预借
| 序号 | 登录号 | 条形码 | 馆藏地/架位号 | 状态 | 备注 |
| 1 | 2001696007 | 2001696007 | 辽三/辽宁北配(第三批)/3859/ [索取号:S855/19] | 在馆 | |
| 2 | 2001696008 | 2001696008 | 辽三/辽宁北配(第三批)/3859/ [索取号:S855/19] | 在馆 | |
| 3 | 2001696009 | 2001696009 | 辽三/辽宁北配(第三批)/3859/ [索取号:S855/19] | 在馆 | |
| 4 | 2001696010 | 2001696010 | 辽三/辽宁北配(第三批)/3859/ [索取号:S855/19] | 在馆 | |
| 5 | 2001696011 | 2001696011 | 辽三/辽宁北配(第三批)/3859/ [索取号:S855/19] | 在馆 | |
| 6 | 2001696012 | 2001696012 | 辽三/辽宁北配(第三批)/3859/ [索取号:S855/19] | 在馆 | |
| 7 | 2001696013 | 2001696013 | 辽三/辽宁北配(第三批)/3859/ [索取号:S855/19] | 在馆 | |
| 8 | 2001696014 | 2001696014 | 辽三/辽宁北配(第三批)/3859/ [索取号:S855/19] | 在馆 | |
| 9 | 2001696015 | 2001696015 | 辽三/辽宁北配(第三批)/3859/ [索取号:S855/19] | 在馆 | |
| 10 | 2001696016 | 2001696016 | 辽三/辽宁北配(第三批)/3859/ [索取号:S855/19] | 在馆 | |
| 11 | 2001696017 | 2001696017 | 辽三/辽宁北配(第三批)/3859/ [索取号:S855/19] | 在馆 | |
| 12 | 2001696018 | 2001696018 | 辽三/辽宁北配(第三批)/3859/ [索取号:S855/19] | 在馆 | |
| 13 | 2001696019 | 2001696019 | 辽三/辽宁北配(第三批)/3859/ [索取号:S855/19] | 在馆 | |
| 14 | 2001696020 | 2001696020 | 辽三/辽宁北配(第三批)/3859/ [索取号:S855/19] | 在馆 | |
| 15 | 2001696021 | 2001696021 | 辽三/辽宁北配(第三批)/3859/ [索取号:S855/19] | 在馆 | |
| 16 | 2001696022 | 2001696022 | 辽三/辽宁北配(第三批)/3859/ [索取号:S855/19] | 在馆 | |
| 17 | 2001696023 | 2001696023 | 辽三/辽宁北配(第三批)/3859/ [索取号:S855/19] | 在馆 | |
| 18 | 2001696024 | 2001696024 | 辽三/辽宁北配(第三批)/3859/ [索取号:S855/19] | 在馆 | |
| 19 | 2001696025 | 2001696025 | 辽三/辽宁北配(第三批)/3859/ [索取号:S855/19] | 在馆 | |
| 20 | 2001696026 | 2001696026 | 辽三/辽宁北配(第三批)/3859/ [索取号:S855/19] | 在馆 | |
| 21 | 2001696027 | 2001696027 | 辽三/辽宁北配(第三批)/3859/ [索取号:S855/19] | 在馆 | |
| 22 | 2001696028 | 2001696028 | 辽三/辽宁北配(第三批)/3859/ [索取号:S855/19] | 在馆 | |
| 23 | 2001696029 | 2001696029 | 辽三/辽宁北配(第三批)/3859/ [索取号:S855/19] | 在馆 | |
| 24 | 2001696030 | 2001696030 | 辽三/辽宁北配(第三批)/3859/ [索取号:S855/19] | 在馆 | |
| 25 | 2001696031 | 2001696031 | 辽三/辽宁北配(第三批)/3859/ [索取号:S855/19] | 在馆 | |
| 26 | 2001696032 | 2001696032 | 辽三/辽宁北配(第三批)/3859/ [索取号:S855/19] | 在馆 | |
| 27 | 2001696033 | 2001696033 | 辽三/辽宁北配(第三批)/3859/ [索取号:S855/19] | 在馆 | |
| 28 | 2001696034 | 2001696034 | 辽三/辽宁北配(第三批)/3859/ [索取号:S855/19] | 在馆 | |
| 29 | 2001696035 | 2001696035 | 辽三/辽宁北配(第三批)/3859/ [索取号:S855/19] | 在馆 | |
| 30 | 2001696036 | 2001696036 | 辽三/辽宁北配(第三批)/3859/ [索取号:S855/19] | 在馆 |